000 00359nam a2200145Ia 4500
999 _c7720
_d7720
003 GBCCL
005 20241126110635.0
008 180913b ||||| |||| 00| 0 eng d
040 _cgbc
082 _aSOU SIA
_b1999
245 _aSiankep:
_b Zomi Christian fellowship 30th anniversary
260 _c1999
_aDelhi :
_bZCF,
300 _a113p. ;
942 _2ddc
_cARCH